| 000 | 00603cam a22002173a 4500 | ||
|---|---|---|---|
| 001 | 42135 | ||
| 003 | PGUSA | ||
| 005 | 20140828083942.0 | ||
| 008 | 130219s2013||||xxu|||||s|||||000 | eng d | ||
| 040 |
_aPGUSA _beng |
||
| 042 | _adc | ||
| 100 | 1 |
_aPorges, Arthur, _d1915-2006 |
|
| 245 | 1 | 4 |
_aThe Unwilling Professor _h[electronic resource] / _cArthur Porges |
| 260 |
_bProject Gutenberg, _c2013 |
||
| 506 | _aPublic domain in the USA. | ||
| 516 | _aElectronic text | ||
| 700 | 1 | _aLuros, Milton | |
| 830 | 0 |
_aProject Gutenberg _v42135 |
|
| 856 | 4 | 0 | _uhttp://www.gutenberg.org/ebooks/42135 |
| 942 | _cEB | ||
| 999 |
_c271387 _d271387 |
||